By way of the heart (Record no. 20545)
[ view plain ]
| 000 -LEADER | |
|---|---|
| fixed length control field | 00530nam a2200193Ia 4500 |
| 003 - CONTROL NUMBER IDENTIFIER | |
| control field | 0100 |
| 005 - DATE AND TIME OF LATEST TRANSACTION | |
| control field | 20150930151441.0 |
| 008 - FIXED-LENGTH DATA ELEMENTS--GENERAL INFORMATION | |
| fixed length control field | 130303s9999 xx 000 0 und d |
| 040 ## - CATALOGING SOURCE | |
| Transcribing agency | ARRUPELIB |
| 050 ## - LIBRARY OF CONGRESS CALL NUMBER | |
| Classification number | BX2350.2A8 1990 |
| 300 ## - PHYSICAL DESCRIPTION | |
| Dimensions | 23cm. |
| 100 ## - MAIN ENTRY--PERSONAL NAME | |
| Personal name | Au, Wilkie |
| 9 (RLIN) | 19997 |
| 245 ## - TITLE STATEMENT | |
| Title | By way of the heart |
| Statement of responsibility, etc | by Au, Wilkie |
| 245 ## - TITLE STATEMENT | |
| Remainder of title | Toward a hostilic Christian spirituality |
| 260 ## - PUBLICATION, DISTRIBUTION, ETC. (IMPRINT) | |
| Place of publication, distribution, etc | London |
| 260 ## - PUBLICATION, DISTRIBUTION, ETC. (IMPRINT) | |
| Name of publisher, distributor, etc | Geoffrey Chapman |
| 300 ## - PHYSICAL DESCRIPTION | |
| Extent | 219p.; |
| 650 ## - SUBJECT ADDED ENTRY--TOPICAL TERM | |
| Topical term or geographic name as entry element | Spiritual life |
| General subdivision | catholic authors |
| 9 (RLIN) | 5665 |
| 942 ## - ADDED ENTRY ELEMENTS (KOHA) | |
| Source of classification or shelving scheme | Library of Congress Classification |
| Koha item type | Monograph ( Printed materials) |
| Withdrawn status | Lost status | Source of classification or shelving scheme | Damaged status | Not for loan | Collection code | Home library | Current library | Shelving location | Date acquired | Total Checkouts | Full call number | Barcode | Date last seen | Copy number | Price effective from | Koha item type |
|---|---|---|---|---|---|---|---|---|---|---|---|---|---|---|---|---|
| Library of Congress Classification | Main Collection | ARRUPE LIBRARY | ARRUPE LIBRARY | Main Collection | 04/03/2013 | BX2350.2A8 1990 | 46500022928 | 22/11/2017 | 1 | 04/03/2013 | Monograph ( Printed materials) | |||||
| Library of Congress Classification | Main Collection | ARRUPE LIBRARY | ARRUPE LIBRARY | Main Collection | 04/03/2013 | BX2350.2A8 1990 | 46500024260 | 22/11/2017 | 2 | 04/03/2013 | Monograph ( Printed materials) |